000 00433nam a2200157 a 4500
005 20140412111405.0
008 070328s19uu xx 00 eng d
020 _a0-07-571369-1
050 _aTR(GS 372.4
_bB35 2005
100 _aBereiter , Carl
245 _aSRA Open Court Reading :
_bUnit 7 Assessment /
_cCarl Bereiter.
260 _aColumbus, Ohio :
_bMc Grawhill,
_c2005.
300 _a48
440 _aSRA
999 _c105537
_d105537